000 00418nam a2200133Ia 4500
005 20260328101455.0
008 260328s9999||||xx |||||||||||||| ||und||
100 _aGutiƩrrez Jaramillo, Jorge Alberto
245 0 _aXVII Bienal Colombiana de Arquitectura - 2000 /
_cJorge Alberto GutiƩrrez Jaramillo
260 _bSociedad Colombiana de Arquitectos
300 _a384 p.
650 _aARQUITECTURA REGIONAL
942 _cBK
999 _c8788
_d8788